Catholic Dioceses of Spain - Statistics

General Stats
  • This quiz has been taken 227 times
  • The average score is 38 of 69
Answers on the Map
Answers color-coded by a green-red scale on the quiz's map according to % correct below.
 
Answer Stats
Answer % Correct
Archdiocese of Barcelona
99%
Archdiocese of Madrid
98%
Archdiocese of Valencia
94%
Archdiocese of Seville
92%
Archdiocese of Zaragoza
87%
Diocese of Bilbao
87%
Archdiocese of Toledo
85%
Diocese of Mallorca
84%
Diocese of Córdoba
82%
Archdiocese of Granada
81%
Archdiocese of Santiago de Compostela
80%
Diocese of Ibiza
80%
Diocese of Málaga
80%
Archdiocese of Pamplona and Tudela
79%
Diocese of Cádiz and Ceuta
78%
Diocese of León
78%
Diocese of Menorca
78%
Diocese of Orihuela-Alicante
72%
Diocese of Tui-Vigo
72%
Diocese of San Sebastián
71%
Archdiocese of Valladolid
69%
Archdiocese of Mérida-Badajoz
67%
Diocese of Girona
67%
Diocese of Santander
67%
Diocese of Salamanca
66%
Archdiocese of Tarragona
65%
Archdiocese of Burgos
63%
Archdiocese of Oviedo
60%
Diocese of Almería
59%
Diocese of Jaén
58%
Diocese of Albacete
55%
Diocese of Huelva
55%
Diocese of Huesca
55%
Diocese of Vitoria
54%
Diocese of Cartagena
53%
Diocese of Asidonia-Jerez
52%
Diocese of Segorbe-Castellón
52%
Diocese of Segovia
52%
Diocese of Lleida
51%
Diocese of Ávila
50%
Diocese of Ciudad Real
50%
Diocese of Coria-Cáceres
50%
Diocese of Lugo
50%
Diocese of Sigüenza-Guadalajara
50%
Diocese of Canarias
49%
Diocese of Calahorra and La Calzada-Logroño
47%
Diocese of Cuenca
47%
Diocese of Teruel and Albarracín
47%
Diocese of Urgell
47%
Diocese of Ourense
45%
Diocese of Zamora
45%
Diocese of Palencia
42%
Diocese of Alcalá de Henares
41%
Diocese of Osma-Soria
41%
Diocese of Getafe
36%
Diocese of Jaca
31%
Diocese of Mondoñedo-Ferrol
30%
Diocese of Terrassa
30%
Diocese of Vic
28%
Diocese of Tortosa
27%
Diocese of Ciudad Rodrigo
26%
Diocese of Plasencia
26%
Diocese of Barbastro-Monzón
23%
Diocese of Astorga
22%
Diocese of Guadix
20%
Diocese of San Cristóbal de La Laguna
17%
Diocese of Solsona
16%
Diocese of Tarazona
16%
Diocese of Sant Feliu de Llobregat
12%
No matching quizzes found
Score Distribution
Percent of People with Each Score
Percentile by Number Answered
Your Score History
You have not taken this quiz